20. medzinárodná konferencia o subteránnej biológii v Slovinsku

Podrobná bibliografia
Hlavní autori: Papáč, Vladimír (Author), Višňovská, Zuzana (Author)
Médium: Článok
Jazyk:Slovak
Témy:
On-line prístup:http://www.ssj.sk/edicna-cinnost/aragonit/15-2/
Zdroj: 1. Aragonit 1. Roč. 15, č. 2 (2010), s. 108-110 1. 1335-213X
LEADER 01273nab#a2200409#ar4500
001 000108521
003 SVKKK
005 20120710122625.0
008 120710c2010 xo |||||||||||||||b|slo
FMT
015 |a SNBRB2012/07 
038 |a SVKKK 
040 |a SVKKK  |b slo  |e AACR2 
041 0 |a slo 
044 |a xo  |c SK 
080 |a 551.44  |2 1997 
080 |a 574.2  |2 1997 
080 |a 061.3  |x (497.4)  |2 1997 
100 1 |a Papáč, Vladimír  |4 aut 
245 1 0 |a 20. medzinárodná konferencia o subteránnej biológii v Slovinsku  |c Vladimír Papáč, Zuzana Višňovská 
246 3 1 |a Dvadsiata medzinárodná konferencia o subteránnej biológii v Slovinsku 
300 |b Obr. 
610 2 4 |a Medzinárodná spoločnosť pre subteránnu biológiu 
611 2 4 |a Medzinárodná konferencia o subteránnej biológii  |n (20. : d 2010 : c Postojna, Slovinsko) 
650 0 4 |a jaskynná biológia 
650 0 4 |a podzemná biológia 
650 0 4 |a biospeleologické sympózia  |y 2010 
700 1 |a Višňovská, Zuzana  |4 aut 
773 0 |t Aragonit  |g Roč. 15, č. 2 (2010), s. 108-110  |x 1335-213X 
958 |a SI 
974 |a Ma 
992 |a RBX 
BAS
852 |a SVKKK  |b BIB 
856 4 1 |u http://www.ssj.sk/edicna-cinnost/aragonit/15-2/ 
EXP
998 |a GEO